دستور الأخلاق في القرآن : (رقم التسجيلة. 16100)

تفاصيل مارك
000 -الفاتح
عناصر البيانات ثابتة الطول 01010cam a2200241 i 4500
005 - تاريخ ووقت آخر معاملة
حقل ضبط 20251125113732.0
008 - عناصر البيانات ثابتة الطول
عناصر البيانات ثابتة الطول 250721s1973 ku gr 000 0 ara d
041 1# - كود اللغة
كود اللغة لنص/مسار صوت أو عنوان منفصل ara
كود اللغة للأصل eng
082 14 - رقم تصنيف ديوي العشري
رقم التصنيف 211.7
رقم المادة م ح م
100 1# - مدخل رئيسي – اسم شخصي
الاسم الشخصي دراز، محمد عبد الله
علاقة الشخص بالعمل/ دوره مؤلف.
245 10 - بيان العنوان
العنوان دستور الأخلاق في القرآن :
بقية العنوان دراسة مقارنة للأخلاق النظرية في القران /
بيان المسؤولية تعريب وتحقيق وتعليق دكتور عبد الصبور شاهين ؛ مراجعة دكتور السيد محمد بدور.
246 11 - الأشكال المختلفة للعنوان
العنوان الفعلي/العنوان المختصر la morale du koran.
250 ## - بيان الطبعة
بيان الطبعة الطبعة الاولى.
264 31 - بيانات النشر، التوزيع…إلخ
مكان النشر، التوزيع...إلخ الكويت :
اسم الناشر، الموزع...إلخ دار البحوث العلميه،
تاريخ النشر، التوزيع...إلخ 1973.
300 ## - الوصف المادي
عدد الوحدات المكونة للوعاء 780 صفحة.
650 17 - مدخل إضافي بالموضوع - مصطلح موضوعي
مصطلح موضوعي أو اسم جغرافي كعنصر مدخل القرآن الكريم.
650 17 - مدخل إضافي بالموضوع - مصطلح موضوعي
مصطلح موضوعي أو اسم جغرافي كعنصر مدخل ألفاظ القرآن.
650 17 - مدخل إضافي بالموضوع - مصطلح موضوعي
مصطلح موضوعي أو اسم جغرافي كعنصر مدخل معاني القرآن.
650 17 - مدخل إضافي بالموضوع - مصطلح موضوعي
مصطلح موضوعي أو اسم جغرافي كعنصر مدخل أحكام القرآن.
700 1# - مدخل إضافي - اسم شخصي
الاسم الشخصي شاهين, عبد الصبور
علاقة الشخص بالعمل/ دوره محقق.
942 ## - بيانات إضافية (كوها)
نوع التنصيف Dewey Decimal Classification
نوع المادة (كوها) كتب
المقتنيات
حالة السحب حالة الفقدان مصدر التصنيف حالة التلف غير قابل للإعارة المكتبة الرئيسية المكتبة الحالية موقع الرف تاريخ التزويد الرقم المتسلسل Total Checkouts رقم الإستدعاء الباركود تاريخ آخر ظهور تاريخ الفاتورة نوع المادة (كوها)
    Dewey Decimal Classification   Not For Loan المكتبة المركزية المكتبة المركزية مراجع 06/07/2004 54996   211.7/محم DUP-01_54996 28/07/2025 06/07/2004 مراجع
    Dewey Decimal Classification     المكتبة المركزية المكتبة المركزية الإعارة 06/07/2004 51616   211.7 / م ح م 51616 28/07/2025 06/07/2004 مراجع
    Dewey Decimal Classification   Not For Loan مكتبة الاميرة بديعة مكتبة الاميرة بديعة مراجع 13/07/2015 [1446].   211.7/محم PLD00337788 28/07/2025 13/07/2015 مراجع
Implemented & Customized by: BBB with SCIT (Smart Chains for Information Technology)

Powered by Koha